000 00243nam a22001217a 4500
082 _a474
_bGNN/M
100 _aGNJANRANJAN
245 _aMERY PRIYA KAHANIYAM
260 _aDELHI
_bRAJPAL
300 _a127
650 _aSTORY
_zDELHI
942 _cBK
999 _c4708
_d4708